Odgadnij piosenkę Chivasa po wersach - Statystyki

Ogólne statystyki
  • Ten quiz został rozwiązany 28 razy
  • Średni wynik to 12 z 18
Statystyki odpowiedzi
Wersy Piosenka % Poprawnych
Szpilki od Rick Owens-a, chociaż go nawet nie zna To jej nawet nie szkoda, kiedy muszę ją rozebrać HELLSTAR
94%
Jeden dzień bez snu, drugi dzień bez snu Wstawię post, że jest ok XO
94%
Million dollar May routine Kursy BTC na dziś dyktuje mi ChatGPT GEN D
81%
Kiedy mam portfel pełen, martwych typów pełen I czemu nie ma Ciebie, czemu nie ma tam Ciebie? DEAD2ME
75%
Powinno mi odpierdolić, gdy patrzę na te cyferki Widzę tylko ile ludzi dalej trzyma mnie na pętli DWA RAZY TYLE
75%
Nie wiem co to rap i co to jest podziemie Nie mów na mnie raper, bo nie czuję się raperem Generacja Hip Hop
75%
Pokolenie ładnych twarzy, kolczyków i tatuaży Pokolenie ładnych twarzy przekłuwanych igiełkami kupić jej gaz czy torebkę?
75%
W tych oczach nie ma łez, łezki i już tu nie będzie jej To, co ujrzą, pierdolone, to zmieniają w pleśń narcyz
75%
Jak nie wiesz gdzie pójść, to przyjmij ten klucz Bo one nadchodzą, aż pięć milionów 5 milionów influencerek
69%
I chcę dać dzieciakom w Polsce To, co zabrały im kiedyś hieny zazdrosne Najlepsi Pod Słońcem
69%
To brzmi jak zaburzenie, bo każdy chce pieniędzy A jak miałbym mówić szczerze, to mi lepiej było bez nich anyżowe żelki
63%
Nie widziała mnie pół roku Nie może mnie poznać mam chyba za drogie auto
63%
I chcę za to order, bo jak na razie to dostałem w mordę Dostałem border i pewnie nigdy nie będę spokojny noWy baTmAN
63%
Unikamy tłumu, unikamy ludzi Boję się, że ktoś mi ją ukradnie OPIUM!
63%
Wyleczyłem tyle dusz, nie ma mnie na ZnanyLekarz Strasznie mnie rozbolał brzuch, zrobiłem z niego aptekę RysunKOwY PoTwóR
56%
Jebać stres, ghetto flex, PSG, E E E Krok w krok, za mną zawsze pusto tak jak Mbappe Odkąd Nauczyłem Się Przeklinać
44%
Daleko do domu, czemu moje dłonie są czarne? Czuję się jak Eddie Brock i Spidey SURVIVAL HORROR
44%
Zawsze się odezwę, kiedy do mnie plumka Zawsze odbiorę, ja pierwszy raz coś nawinąłem Death Metalowy T-Shirt
31%
Nie znaleziono quizów pasujących do podanych kryteriów
Rozkład punktacji
Procent ludzi z każdym wynikiem
Percentyl według liczby udzielonych odpowiedzi
Twoja historia wyników
Nie rozwiązałeś tego quizu